The conditional impact of blame attribution on the relationship between economic adversity and turnout (Record no. 56523)

000 -LEADER
fixed length control field 01601pab a2200169 454500
008 - FIXED-LENGTH DATA ELEMENTS--GENERAL INFORMATION
fixed length control field 180718b2003 xxu||||| |||| 00| 0 eng d
100 ## - MAIN ENTRY--PERSONAL NAME
Personal name Arceneaux, Kevin
245 ## - TITLE STATEMENT
Title The conditional impact of blame attribution on the relationship between economic adversity and turnout
260 ## - PUBLICATION, DISTRIBUTION, ETC.
Date of publication, distribution, etc. 2003
300 ## - PHYSICAL DESCRIPTION
Extent p.67-75.
362 ## - DATES OF PUBLICATION AND/OR SEQUENTIAL DESIGNATION
Dates of publication and/or sequential designation Mar
520 ## - SUMMARY, ETC.
Summary, etc. Previous research has found that those facing economic adversity are less likely to vote. This has serious implications for the nature of democratic accountability, since those who are less likely to vote in an economic downturn may also be the ones most likely to punish the incumbent party. In fact, some have used aggregated electoral data to justify such a claim (Racliff 1994). However, such conclusions are premature. Once the intervening effects of blame attribution are taken into consideration, there are conditions under which economic adversity actually enhances turnout. Data from the American National Election Studies 91990-98) demonstrate that those facing economic adversity are more likely to vote when they blame the government for economic outcomes. These are the same people who have been shown in numerous economic voting studies to be much less supportive of the in-party. These findings suggest that economic adversity does not necessarily constrain democratic accountability and highlight the perils associated with making inferences about individual-level behavior with aggregate data. - Reproduced.
650 ## - SUBJECT ADDED ENTRY--TOPICAL TERM
Topical term or geographic name entry element Elections - United States
650 ## - SUBJECT ADDED ENTRY--TOPICAL TERM
Topical term or geographic name entry element Elections
773 ## - HOST ITEM ENTRY
Main entry heading Political Research Quarterly
909 ## -
-- 56523
Holdings
Withdrawn status Lost status Damaged status Not for loan Permanent Location Current Location Date acquired Serial Enumeration / chronology Barcode Date last seen Price effective from Koha item type
        Indian Institute of Public Administration Indian Institute of Public Administration 2018-07-19 Volume no: 56, Issue no: 1 AR56968 2018-07-19 2018-07-19 Articles

Powered by Koha